Languages in contact : findings and problems /

Bibliographic Details
Main Author: Weinreich, Uriel
Format: Book
Language:English
Published: London : Mouton, [1964]
Series:Publications of the Linguistic Circle of New York ; 1.
Subjects:

MARC

Tag First Indicator Second Indicator Subfields
LEADER 00000cam a2200000 i 4500
001 in00000076470
005 20151008052714.0
008 790222s1964 ne b 00110 eng d
035 |a (OCoLC)04678953 
035 |9 AAH4547AM 
040 |a MST  |c MST  |d m.c.  |d TXA  |d UtOrBLW 
049 |a TXAM  |c [A10799234] 
090 |a P33  |b .W4 
100 1 |a Weinreich, Uriel. 
245 1 0 |a Languages in contact :  |b findings and problems /  |c by Uriel Weinreich ; with a pref. by André Martinet. 
264 1 |a London :  |b Mouton,  |c [1964] 
264 4 |c ©1964 
300 |a xii, 148 pages ;  |c 26 cm. 
336 |a text  |b txt  |2 rdacontent 
337 |a unmediated  |b n  |2 rdamedia 
338 |a volume  |b nc  |2 rdacarrier 
490 1 |a Publications of the Linguistic Circle of New York ;  |v 1 
504 |a Bibliography: pages 123-146. 
500 |a Includes index. 
650 0 |a Languages in contact. 
830 0 |a Publications of the Linguistic Circle of New York ;  |v 1. 
999 |a MARS 
999 f f |s e5862325-8794-3406-b270-95128db2abfc  |i e9ddc120-6406-3a95-bfba-4ba8f5047fc6  |t 0 
952 f f |p ric  |a Texas A&M University  |b Rellis Campus  |c Joint Library Facility  |s JLF  |d Remote Storage  |t 0  |e P33 .W4  |h Library of Congress classification  |i unmediated -- volume  |m A14833917924 
998 f f |a P33 .W4  |t 0  |l Remote Storage